000 00627nam a2200241Ia 4500
001 18542
003 GE_BSU
008 181216s||||||||xx |||||||||||||| ||und||
010 _a9780753728161
040 _cGE_BSU
080 _a821.111-32
100 _aDickens,Charls.
245 _aNicholas Nickleby,Hard Times,A Christmas Carol
245 _bThree Landmark Novels
260 _aBritain
260 _bBounty
260 _c2014
300 _a778p,22cm.
541 _h31Gel.
653 _aNicholas Nickleby,Hard Times,A Christmas Carol
653 _aინგლისური მოთხრობა
942 _cBK
999 _c51551
_d51551